Sports Quiz

Random Sports or NFL Quiz

Myths, Lies and Misconceptions of Sport Quiz Stats

Quiz Updated Mar 7, 2014

Challenge
Share
Tweet
Embed
Score 0/20 Timer 05:00
2 Plays Today
% Correct
American Football League
89.2%
Olympics
88.8%
Fidel Castro
88.7%
Frisbee
86.1%
Abbott & Costello
85%
Finland
84.9%
Pete Rose
83.1%
Miami Dolphins
82.5%
Bill Buckner
78.5%
Deion Sanders
78.3%
% Correct
Charlotte Hornets
74.7%
Abner Doubleday
71.8%
Edison Arantes do Nascimento
65.2%
Doug Williams
56.8%
Iditarod
56.6%
World Series
54.7%
Theodore Roosevelt
49.2%
Wally Pipp
47.7%
Josh Gibson
44.1%
Moses Fleetwood Walker
30.9%

You're not logged in!

Compare scores with friends on all Sporcle quizzes.
Sign Up with Email
OR
Log In

You Might Also Like...

Show Comments

Extras

Top Quizzes Today


Score Distribution

Your Account Isn't Verified!

In order to create a playlist on Sporcle, you need to verify the email address you used during registration. Go to your Sporcle Settings to finish the process.